Nahota je pre mňa tvar a tvar je tvárou života Uvažovanie Mira Gregora o fotografickom akte

Bibliographic Details
Main Author: Gregor, Miroslav 1931- (Author)
Format: Article
Language:Slovak
PhysicalDescription:Fotogr. 4
Subjects:

MARC

LEADER 00000nab a2200000 a 4500
001 vtls000481683
003 SK-MaSNL
005 20260305010710.0
008 120927c1993 xo 0 slo
015 |a SNBRB19rr/mm-uuuuu 
035 |a CL0481818 
040 |a SNKBUCL  |b slo  |c SNKBUCL  |e AACR2 
041 0 |a slo 
044 |a xo  |c SK 
080 |a 77.04-051  |2 1981 
100 1 |a Gregor, Miroslav  |d 1931-  |4 aut  |9 52532 
245 1 0 |a Nahota je pre mňa tvar a tvar je tvárou života  |b Uvažovanie Mira Gregora o fotografickom akte  |c Miroslav Gregor 
300 |b Fotogr. 4 
600 1 7 |a Gregor, Miroslav  |d 1931-  |2 snkbucl  |9 52532 
650 0 7 |a akty  |2 SNKPH  |9 29923 
655 7 |a články z novín a časopisov  |2 snkbucl  |9 267496 
773 0 |t Národná osveta  |g Roč. 3, č. 4 (1993), s. 17-19 
850 |a Slovenská národná knižnica v Martine  |a MTA001 
852 |a SNK  |b KIS3GCP 
958 |a RK 
992 |a RBX 
999 |c 3248113  |d 3250043